Le Monde par lettre - N - Statistiques

Statistiques générales
  • Ce quiz a été pris 400 fois
  • Le résultat moyen est 10 sur 15
Statistiques - réponses
Indices Réponses % Correct
Blanc comme ______ Neige
99%
Ancien Président de la République française : ______ Sarkozy Nicolas
95%
Non en allemand Nein
86%
Las Vegas est dans cet état américain Nevada
84%
Sud Nord
82%
Pays en Océanie commençant par N Nouvelle-Zélande
75%
Pays entouré par les deux pays les plus peuplés du monde Népal
72%
Autre pays en Océanie commençant par N Nauru
69%
Pays-Bas en anglais Netherlands
68%
Pays le plus peuplé commençant par N Nigeria
67%
Prénom du #1 mondial au tennis Novak
64%
Nom de famille le plus populaire au Viet Nam Nguyen
47%
Ville la plus peuplée commençant par N New York
41%
Quatrième ville la plus peuplée du Japon Nagoya
20%
Prénom le plus populaire au Canada (2021) Noah
15%
Aucun quiz correspondant
Distribution des résultats
% des personnes avec chaque résultat
Percentile par nombre de réponses
Votre historique - résultats
Vous n’avez pas pris ce quiz